00630nam a2200205 a 4500008004100000020003100041040002500072041001300097044001100110080001000121100002600131245007000157250001300227260004900240300002800289490001200317500003900329700002900368700002700397951121s1988||||[C 0 slo c c25 Kčs. q(7000 výtl.) aSNKbslocSNKeAACR21 aslohukr axocSK a883-31 aDrozd, Volodymyr4aut10aSudkyňacVolodymyr Drozd ; Andrej Pestremenko, Adela Jakabová a1., vyd. aBratislavabPravdac1988eBratislavafPravda a243 s., 13,83 AHc21 cm0 aMaják aIlustr. na front. a predsádkach.1 aPestremenko, Andrej4trl1 aJakabová, Adela4bkd